00378nam a22001337a 450000500170000000800410001704100120005808200130007010000130008324500390009626000510013530000320018665000260021820240816140318.0240816b |||||||| |||| 00| 0 eng d aEnglish a349 LAW  lEnglish  aThe Law Reports: Probate Division  aLondon: bWilliam Clowes and Sons Ltd, c1924  bxviii, 267 pages; c27 cm.  aLegal practice bLaw